000 01177nam a22002897a 4500
999 _c119318
_d119318
003 dpl
005 20190226153051.0
008 190226b ||||| |||| 00| 0 eng d
010 _aB-034045
020 _c00.00
_a8174872051
035 _aB-034045, B-034049
037 _bCen Lib/Ret
040 _aDPL
_bHN
_c0
082 _a792
_bगुप्ताभा
100 _aगुप्ता, भारती
_984333
245 _aकथक और अध्यातम /
_cभारती गुप्ता
246 _aKathak aur adhyatam /
_bby Bharti Gupta
260 _aनयी दिल्ली
_bराधा पब्लिकेशन
_c2001
270 _bनयी दिल्ली
_a4278/4बी अंसारी रोड, दरियागंज
_e110002
300 _a130पृ.
_c20सेमी(सजिल्द )
500 _aसन्दर्भ सूची शामिल
650 _aकथक (नृत्य)
_x
_z
_984334
650 _aनृत्य - भारत
_984335
650 _aKathak (Dance)
_925470
650 _aDance--India
_924858
942 _2ddc
_cHN
_h792
_mगुप्ताभा